Beste Länder im Tischtennis - Statistiken

Allgemein
  • Dieses Quiz wurde 424 mal gespielt
  • Das Durchschnittsergebnis liegt bei 12 aus 20
Antwortstatistiken
Gold Silber Bronze Gesamt Land % Korrekt
145 103 159 407 China
100%
1 2 5.5 8.5 Chinesisches Taipeh
100%
5 16.5 21.5 43 Deutschland
99%
48 36 73 157 Japan
97%
5 15 43 63 Südkorea
87%
2 3 18 23 Frankreich
82%
9.5 2 20 31.5 Vereinigte Staaten
79%
13 15 12.5 40.5 Schweden
70%
4 9 13 26 Nordkorea
57%
0 3.5 7.5 11 Polen
52%
6 15.5 35.5 57 Österreich
51%
15 30 61 106 Vereinigtes Königreich
50%
28 34.5 59 121.5 Tschechien
39%
0 2 1 3 Belgien
37%
68 58.5 75.5 202 Ungarn
35%
3 4 7 14 Sowjetunion
29%
16.5 10.5 19 46 Rumänien
23%
1 2 5 8 Singapur
23%
0 2 22.5 24.5 Hong Kong
22%
3 11 13.5 27.5 Jugoslawien
21%
Keine übereinstimmenden Quizze gefunden
Verteilung der Resultate
Anzahl Personen mit jedem Resultat
Perzentil nach korrekt beantworteten Fragen
Ihre Resultats-Entwicklung
Sie haben dieses Quiz noch nicht gespielt